000 00581nam#a22002295a#4500
001 2803
008 210930s2021####ag############000#0#und#d
245 1 0 _aTus Ojos /
_cEduardo Abel Giménez.
250 _a1ªed.
260 _aBuenos Aires :
_bCalibroscopio Ediciones.,
_c2021.
300 _a48 p. ;
_c21 x 15 cm.
505 0 _aTus Ojos
_rEduardo Abel Giménez
020 _a9789873967528
100 1 _aBeck-Bernard, Lina.
080 _a82
084 _aM 88
653 _aCuentos
040 _aAR-ClEAG
_cAR-ClEAG
005 20241107184802.0
003 AR-ClEAG
942 _cBK
999 _c2803
_d2803
980 _62
_aEvangelina Gallicchio
_82
_gEvangelina Gallicchio